Land reforms in India: a survey of policy, legislation and implementation (Record no. 380588)

000 -LEADER
fixed length control field 00395cam a22001337a 4500
008 - FIXED-LENGTH DATA ELEMENTS--GENERAL INFORMATION
fixed length control field 180718b1996 xxu||||| |||| 00| 0 eng d
082 ## - DEWEY DECIMAL CLASSIFICATION NUMBER
Classification number Y15x54 Ap66
100 ## - MAIN ENTRY--PERSONAL NAME
Personal name Appu, P.S.
245 ## - TITLE STATEMENT
Title Land reforms in India: a survey of policy, legislation and implementation
Statement of responsibility, etc. by P.S. Appu
260 ## - PUBLICATION, DISTRIBUTION, ETC.
Place of publication, distribution, etc. New Delhi
Name of publisher, distributor, etc. Vikas
Date of publication, distribution, etc. 1996
300 ## - PHYSICAL DESCRIPTION
Extent 363p.
650 ## - SUBJECT ADDED ENTRY--TOPICAL TERM
Topical term or geographic name entry element Land reform - India
650 ## - SUBJECT ADDED ENTRY--TOPICAL TERM
Topical term or geographic name entry element (Written Off)
Holdings
Withdrawn status Lost status Damaged status Not for loan Permanent Location Current Location Date acquired Full call number Barcode Date last seen Price effective from Koha item type
        Indian Institute of Public Administration Indian Institute of Public Administration 1996-12-06 Y15x54 Ap66 71591 2018-07-21 2018-07-21 Book

Powered by Koha